[Event "Match"]
[Site "masterchessopen.com New York (USA)"]
[Round "9"]
[White "Reshevsky Samuel H (USA)"]
[Black "Bisguier Arthur B (USA)"]
[Result "1-0"]
[WhiteElo "2430"]
[BlackElo "2237"]

1.d4 Nf6 2.c4 e6 3.Nc3 Bb4 4.Qc2 d5 5.cxd5 Qxd5 6.Nf3 c5 7.Bd2 Bxc3 8.Bxc3
cxd4 9.Bxd4 Nc6 10.Bc3 O-O 11.e3 e5 12.Be2 Bg4 13.h3 Bh5 14.O-O Rad8 15.b4 Qe4
16.Rfc1 Qxc2 17.Rxc2 Nd5 18.b5 e4 19.bxc6 exf3 20.Bxf3 Bxf3 21.gxf3 Nxc3
22.Rxc3 bxc6 23.Rxc6 g6 24.Rac1 Rd2 25.R1c2 Rfd8 26.Rxd2 Rxd2 27.a4 Rd5 28.Ra6
Rd7 29.Kg2 Kf8 30.Kg3 Ke7 31.f4 Kd8 32.Kg4 f5+ 33.Kg5 Kc8 34.Kh6 Kb7 35.Ra5
Kb6 36.Rb5+ Ka6 37.h4 Rc7 38.Re5 Rc4 39.a5 Rc7 40.h5 gxh5 41.Kxh5 Rc2 42.Kh6
Rxf2 43.Kxh7 Ra2 44.Rxf5 {#r} 1-0

[Event "It \"]
[Site "masterchessopen.com Beverwijk (Netherlands)"]
[Round "0"]
[White "Larsen Bent (DEN)"]
[Black "Szabo Laszlo (HUN)"]
[Result "1-0"]
[WhiteElo "2415"]
[BlackElo "1903"]

1.d4 Nf6 2.c4 e6 3.Nc3 Bb4 4.Qc2 d5 5.cxd5 Qxd5 6.Nf3 c5 7.Bd2 Bxc3 8.Bxc3
cxd4 9.Nxd4 e5 10.Nf5 Bxf5 11.Qxf5 Nc6 12.e3 O-O 13.Be2 Qe4 ( 13...Qxg2 14.Bf3
Qg6 15.Qxg6 hxg6 16.Bxc6 bxc6 17.Bxe5 { ?? } ) 14.Qh3 Nd4 { ! } 15.Bd1 (
15.exd4 exd4 16.Bd2 Rfe8 17.Qf3 Qxf3 18.gxf3 d3 { = } ) 15...Nd5 16.O-O Nxc3
17.bxc3 Ne6 18.Bf3 Qc4 19.Bxb7 Rab8 20.Qf3 Rfd8 21.Rfd1 Rxd1+ 22.Rxd1 Qxa2
23.h4 Qa4 24.Be4 a5 25.g3 Nc5 26.Bd5 Qe8 27.e4 a4 28.Qe2 Qb5 { ? } ( { ? }
28...h6 ) 29.Bc4 Qb6 30.Rd5 { ! } 30...Qb1+ 31.Kh2 Nxe4 32.Bd3 Nxc3 33.Qxe5
Qb2 ( 33...Qb7 34.Rd7 { ! } 34...Qb2 35.Bxh7+ Kxh7 36.Qh5+ Kg8 37.Qxf7+ Kh7
38.Qxg7# ) ( 33...Qb4 34.Rb5 Rxb5 35.Qe8+ Qf8 36.Bxh7+ Kxh7 37.Qxf8 Rf5 )
34.Rb5 { ! } 34...Qxf2+ 35.Kh3 Rf8 36.Qxc3 g6 37.Bc4 Qg1 38.Qf3 Qc1 39.Rc5 Kg7
40.Rc7 Kh6 41.g4 f6 42.g5+ 1-0

[Event "?"]
[Site "masterchessopen.com Leningrad (Russia)"]
[Round "0"]
[White "Geller Efim P (RUS)"]
[Black "Genin A (RUS)"]
[Result "1-0"]
[WhiteElo "2590"]
[BlackElo "2300"]

1.d4 Nf6 2.c4 e6 3.Nc3 Bb4 4.Qc2 d5 5.cxd5 Qxd5 6.Nf3 O-O 7.Bd2 Bxc3 8.Bxc3
Bd7 9.g3 Bc6 10.Bg2 Nbd7 11.O-O Qh5 12.Ne1 Bxg2 13.Nxg2 Rfe8 14.f3 Qb5 15.e4
c5 16.Rfd1 Rac8 17.Qf2 b6 18.Ne3 cxd4 19.Rxd4 Ne5 20.Rad1 Nc6 21.Rd6 Red8
22.Rxd8+ Rxd8 23.Rxd8+ Nxd8 24.Bxf6 gxf6 25.Ng4 Kg7 26.Qd2 {#r} 1-0

[Event "It (open)"]
[Site "masterchessopen.com Rome (Italy)"]
[Round "0"]
[White "Flear Glenn C (ENG)"]
[Black "Nikcevic Nebojsa (MNE)"]
[Result "1-0"]
[WhiteElo "2470"]
[BlackElo "2335"]

1.d4 Nf6 2.c4 e6 3.Nc3 Bb4 4.Qc2 d5 5.cxd5 Qxd5 6.Nf3 b6 7.Bd2 Bxc3 8.Bxc3 O-O
9.e3 a5 10.Bd2 Ba6 11.Bxa6 Nxa6 12.O-O c5 13.dxc5 Nxc5 14.Bc3 Nfe4 15.Rfd1 Qb7
16.Bd4 Rfc8 17.Rac1 Qa6 18.Ne5 f6 19.Nc4 b5 20.Bxc5 Rxc5 21.Qxe4 Rac8 22.g3
Qc6 23.Nd6 {#r} 1-0

[Event "It"]
[Site "masterchessopen.com Bad Lauterberg (Germany)"]
[Round "0"]
[White "Mohr Stefan (GER)"]
[Black "Romanishin Oleg M (UKR)"]
[Result "1-0"]
[WhiteElo "2413"]
[BlackElo "2600"]

1.d4 Nf6 2.c4 e6 3.Nc3 Bb4 4.Qc2 d5 5.cxd5 Qxd5 6.Nf3 O-O 7.Bd2 Bxc3 8.Bxc3
Bd7 9.Nd2 Nc6 10.e4 Qg5 11.g3 Rad8 12.Bd3 Qh6 13.f4 Ng4 14.Be2 e5 15.dxe5 Ne3
16.Qd3 Ng2+ 17.Kf2 Bg4 18.Qc2 Bh3 19.Rhg1 Nxe5 20.Rxg2 Qb6+ 21.Kf1 Nd7 22.Nc4
Qc6 23.Ne3 Nf6 24.Bf3 Rfe8 25.Nd5 Qc4+ 26.Kg1 Nxd5 27.exd5 Bxg2 28.Kxg2 Rxd5
29.Rf1 Rd3 30.Qb3 Qc5 31.Qxb7 Rde3 32.Rf2 R3e6 33.Qb4 Qe3 34.Qd4 Qxd4 35.Bxd4
a5 36.Bc3 a4 37.a3 h6 38.Rd2 g5 39.Kf2 Kh7 40.Rd7 Kg6 41.Bd1 R8e7 {#r} 1-0

[Event "Ch World (juniors) (under 16) (g)"]
[Site "masterchessopen.com Duisburg (Germany)"]
[Round "0"]
[White "Abolina Liga (LAT)"]
[Black "Hon Kah Seng Christie (MAS)"]
[Result "1-0"]
[WhiteElo "2140"]
[BlackElo "2236"]

1.d4 d5 2.c4 e6 3.Nc3 Bb4 4.Qc2 Nf6 5.cxd5 Nxd5 6.e4 Nxc3 7.bxc3 Ba5 8.Nf3 O-O
9.Bd3 Nd7 10.O-O Re8 11.e5 Nf8 12.Ng5 Ng6 13.h4 h5 14.Bxg6 fxg6 15.Qxg6 Bxc3
16.Qh7+ Kf8 17.Qh8+ Ke7 18.Qxg7# 1-0

[Event "It (open) \"]
[Site "masterchessopen.com Spain"]
[Round "0"]
[White "Hostalet Ferrer Pedro (ESP)"]
[Black "Garcia Albarracin Francisco (ESP)"]
[Result "0-1"]
[WhiteElo "2071"]
[BlackElo "2375"]

1.d4 Nf6 2.c4 e6 3.Nc3 Bb4 4.Qc2 d5 5.cxd5 Qxd5 6.Nf3 O-O 7.Bd2 Bxc3 8.Bxc3
Qf5 9.Qxf5 exf5 10.e3 Be6 11.g3 Bd5 12.Bg2 Nbd7 13.O-O Rfe8 14.Rfc1 c6 15.Nh4
g6 16.Bxd5 Nxd5 17.Ng2 N7f6 18.Nf4 g5 19.Nxd5 Nxd5 20.Bd2 Re6 21.Re1 Rae8
22.Kg2 Kg7 23.Re2 f4 24.Kf3 f5 25.gxf4 Nxf4 26.Ree1 Nd5 27.b4 g4+ 28.Kg2 Kg6
29.a4 f4 30.b5 Kf5 31.bxc6 bxc6 32.exf4 Nxf4+ 33.Kf1 Rxe1+ 34.Bxe1 Ke4 35.Bd2
Nd3 36.Be3 h5 37.Rb1 h4 38.Rb7 g3 39.hxg3 hxg3 40.Rxa7 gxf2 41.Bxf2 Rf8
42.Re7+ Kd5 43.Re2 Ra8 44.Ra2 Ra5 45.Ke2 Nc1+ {#R} 0-1

[Event "It"]
[Site "masterchessopen.com Bad Ragaz (Switzerland)"]
[Round "0"]
[White "Raeber Markus (SUI)"]
[Black "Landenbergue Claude (SUI)"]
[Result "0-1"]
[WhiteElo "2216"]
[BlackElo "2450"]

1.d4 Nf6 2.c4 e6 3.Nc3 Bb4 4.Qc2 d5 5.cxd5 Qxd5 6.Nf3 c5 7.a3 Bxc3+ 8.bxc3 Nc6
9.e3 b6 10.Be2 Bb7 11.O-O O-O 12.c4 Qe4 13.Qxe4 Nxe4 14.Bd3 Na5 15.Bb2 Rac8
16.Rac1 Nb3 17.Rcd1 Rfd8 18.d5 exd5 19.cxd5 f5 20.Ne5 Nbd2 21.Bxe4 Nxe4 22.f3
Nd6 23.e4 c4 24.Nc6 Bxc6 25.dxc6 fxe4 26.fxe4 Rxc6 27.e5 Nf7 28.Rxd8+ Nxd8
29.Bc3 Ne6 30.Rd1 Rc7 31.Kf2 Nc5 32.Rd8+ Kf7 33.Ke3 Na4 34.Bb4 c3 35.Rd1 Ke6
36.Ke4 Rc4+ 37.Rd4 Rc6 38.Rd1 Rc4+ 39.Rd4 Rxd4+ 40.Kxd4 c2 41.Bd2 Nc5 42.Kc4
Kxe5 43.Bc1 Ke4 {#R} 0-1

[Event "It \"]
[Site "masterchessopen.com Budapest (Hungary)"]
[Round "2"]
[White "Varga Peter (HUN)"]
[Black "Pal Gyorgy (HUN)"]
[Result "1-0"]
[WhiteElo "2405"]
[BlackElo "2175"]

1.d4 Nf6 2.c4 e6 3.Nc3 Bb4 4.Qc2 d5 5.cxd5 Qxd5 6.Nf3 c5 7.a3 cxd4 8.axb4 dxc3
9.bxc3 O-O 10.e3 b6 11.c4 Qh5 12.Be2 Bb7 13.Bb2 Rc8 14.O-O a5 15.bxa5 bxa5
16.Bxf6 gxf6 17.Qb2 Ba6 18.Qxf6 Nd7 19.Qe7 Ne5 20.Nd4 Qg6 21.Rxa5 Re8 22.Qa3
Bb7 23.f3 Qg5 24.Rxa8 Rxa8 25.Qb3 Ra5 26.g3 Qe7 27.Rb1 Ba8 28.Qb8+ Kg7 29.Rb5
Ra1+ 30.Kf2 Ng6 31.Rb1 Rxb1 32.Qxb1 Qf6 33.Qb8 e5 34.Nf5+ Qxf5 35.Qxa8 Qb1
36.f4 e4 37.Qd5 Qh1 38.Qh5 h6 39.Bf1 Kh7 40.c5 Ne7 41.Qxf7+ Kh8 42.Qf6+ {#r}
1-0

[Event "It (cat.8)"]
[Site "masterchessopen.com Budapest (Hungary)"]
[Round "9"]
[White "Sherbakov Ruslan (RUS)"]
[Black "Lukacs Peter (HUN)"]
[Result "1-0"]
[WhiteElo "2510"]
[BlackElo "2490"]

1.d4 Nf6 2.c4 e6 3.Nc3 Bb4 4.Qc2 d5 5.cxd5 Qxd5 6.Nf3 Qf5 7.Qd1 Ne4 8.Bd2 Nxd2
9.Qxd2 c5 10.a3 cxd4 11.axb4 dxc3 12.Qxc3 O-O 13.e3 Qf6 14.Qxf6 gxf6 15.Be2
Na6 16.b5 Nc7 17.Rc1 Nd5 18.Bc4 Nb6 19.Bd3 Bd7 20.Ke2 Rfc8 21.Rxc8+ Rxc8
22.Ra1 Ra8 23.Nd2 Nd5 24.Ne4 b6 25.Nc3 Nxc3+ 26.bxc3 f5 27.f4 Kf8 28.Kd2 Ke7
29.Be2 Kd6 30.Bf3 Rd8 31.Rxa7 Kc5 32.Rc7+ Kd6 33.Rb7 Kc5 34.Rc7+ Kd6 35.Rb7
Kc5 36.Kc2 Kxb5 37.Rc7 Ka6 38.c4 Ka5 39.Kb3 Ba4+ 40.Kc3 b5 41.Ra7+ Kb6 42.Rxf7
Rc8 43.Be2 bxc4 44.Re7 Rc6 45.Bxc4 {#r} 1-0

[Event "It"]
[Site "masterchessopen.com Cap d'Agde (France)"]
[Round "6"]
[White "Alterman Boris (ISR)"]
[Black "Hamdouchi Hichem (FRA)"]
[Result "0-1"]
[WhiteElo "2585"]
[BlackElo "2530"]

1.d4 Nf6 2.c4 e6 3.Nc3 Bb4 4.Qc2 d5 5.cxd5 Qxd5 6.Nf3 Qf5 7.Qxf5 exf5 8.a3 Be7
9.b4 c6 10.e3 Be6 11.Bd3 Nbd7 12.Ng5 Nd5 13.Nxe6 fxe6 14.Bd2 g6 15.Ke2 Bf6
16.Rab1 Nxc3+ 17.Bxc3 e5 18.dxe5 Bxe5 19.Bd2 a6 20.h3 Nf6 21.f4 Bc7 22.g4 Ne4
23.Bxe4 fxe4 24.Bc3 O-O 25.h4 Rad8 26.Rbd1 Rxd1 27.Rxd1 Rd8 28.Bd4 Rd5 29.a4
Kf7 30.Rc1 h5 31.Rg1 Bd6 32.f5 hxg4 33.fxg6+ Kxg6 34.Rxg4+ Kh5 35.Rg7 Bxb4
36.Rh7+ Kg4 37.Rxb7 c5 38.Rg7+ Kxh4 39.Bf6+ Kh5 40.Re7 Rd2+ 41.Kf1 Kg4
42.Rxe4+ Kf3 43.Rf4+ Kxe3 44.Bg5 Rd1+ 45.Kg2 Kd3 46.Rf6 a5 47.Rb6 c4 48.Rb5 c3
49.Kf2 c2 50.Rd5+ Kc4 {#R} 0-1

[Event "Ch Switzerland (team)"]
[Site "masterchessopen.com Switzerland"]
[Round "6"]
[White "Gerber Richard (SUI)"]
[Black "Adler Joel (SUI)"]
[Result "1-0"]
[WhiteElo "2335"]
[BlackElo "2320"]

1.d4 Nf6 2.c4 e6 3.Nc3 Bb4 4.Qc2 d5 5.cxd5 Qxd5 6.Nf3 Qf5 7.Qb3 Nc6 8.g3 O-O
9.Bg2 e5 10.d5 Bxc3+ 11.bxc3 Na5 12.Qa4 b6 13.O-O Bd7 14.Qh4 h6 15.c4 Rfe8
16.Bb2 c6 17.Rac1 Rac8 18.e4 Qxe4 19.Qxe4 Nxe4 20.Nxe5 Bf5 21.g4 Bh7 22.f4 f6
23.f5 Nd6 24.Nxc6 Naxc4 25.Bd4 h5 26.h3 hxg4 27.hxg4 Kf8 28.g5 fxg5 29.f6 gxf6
30.Rxf6+ Kg8 31.Bh3 Rc7 32.Be6+ Rxe6 33.Rxe6 Bf5 34.Ne7+ {#r} 1-0

[Event "Ch Wales"]
[Site "masterchessopen.com Cardiff (Wales)"]
[Round "2"]
[White "Williams Leighton (WLS)"]
[Black "Williams Douglas (ENG)"]
[Result "1-0"]
[WhiteElo "2110"]
[BlackElo "2025"]

1.d4 Nf6 2.c4 e6 3.Nc3 Bb4 4.Qc2 d5 5.cxd5 Nxd5 6.Nf3 c5 7.e4 cxd4 8.Nxd4 Nxc3
9.bxc3 Qxd4 10.cxb4 Qxa1 11.Qxc8+ Ke7 12.Qc5+ Kd8 13.Bb5 Nd7 14.Bxd7 Kxd7
15.O-O f6 16.Bf4 Qxa2 17.Qb5+ Kc8 18.Rc1+ Kd8 19.Rd1+ Ke7 20.Qxb7+ {#r} 1-0

[Event "It (cat.10)"]
[Site "masterchessopen.com Copenhagen (Denmark)"]
[Round "2"]
[White "Kjeldsen Jens (DEN)"]
[Black "Petursson Margeir (ISL)"]
[Result "0-1"]
[WhiteElo "2425"]
[BlackElo "2565"]

1.d4 Nf6 2.c4 e6 3.Nc3 Bb4 4.Qc2 d5 5.cxd5 Qxd5 6.Nf3 Qf5 7.Qb3 c5 8.e3 Nc6
9.a3 Ba5 10.Be2 cxd4 11.exd4 Qd5 12.Qd1 Qd6 13.O-O O-O 14.Bg5 Rd8 15.Qa4 Bb6
16.Rad1 Bd7 17.Nb5 Qe7 18.Qb3 Be8 19.Qe3 Rd7 20.Qf4 h6 21.Bh4 Nd5 22.Qc1 g5
23.Bg3 f5 24.Be5 Nxe5 25.Nxe5 Nf4 26.Rfe1 Rdd8 27.Nc3 Rxd4 28.Rxd4 Bxd4 29.Nf3
Bb6 30.Bf1 Rd8 31.Qc2 Qc5 32.Re5 Qd6 33.g3 Nd3 {#R} 0-1

[Event "Ch Finland (team) 1995/96"]
[Site "masterchessopen.com Finland"]
[Round "6"]
[White "Issakainen Ari (FIN)"]
[Black "Tikkanen Kari (FIN)"]
[Result "1-0"]
[WhiteElo "2267"]
[BlackElo "2270"]

1.d4 Nf6 2.c4 e6 3.Nc3 Bb4 4.Qc2 d5 5.cxd5 Qxd5 6.Nf3 Nc6 7.a3 Bxc3+ 8.Qxc3
Ne4 9.Qd3 b6 10.b4 Bb7 11.Bf4 O-O-O 12.Rc1 g5 13.Nxg5 Nxg5 14.b5 Ne4 15.f3
Qxd4 16.fxe4 Qb2 17.Qc4 Rd4 18.Qc3 Qxc3+ 19.Rxc3 Rxe4 20.bxc6 Rxf4 21.cxb7+
Kxb7 22.g3 Rd4 23.Bg2+ Kb8 24.O-O f5 25.Rc6 Re8 26.Rf4 Rxf4 27.gxf4 Kc8 28.Kf2
Kd7 29.Rc3 c5 30.e4 fxe4 31.Bxe4 h6 32.Rg3 Rf8 33.Ke3 Kd6 34.Rg7 c4 35.Rxa7
{#r} 1-0

[Event "Bundesliga (2nd) East 1995/96"]
[Site "masterchessopen.com Germany"]
[Round "0"]
[White "Majer Damir (GER)"]
[Black "Niedermaier Hans (GER)"]
[Result "1-0"]
[WhiteElo "2285"]
[BlackElo "2210"]

1.d4 Nf6 2.c4 e6 3.Nc3 Bb4 4.Qc2 d5 5.cxd5 Qxd5 6.Nf3 Nc6 7.e3 O-O 8.Bd2 Bxc3
9.Bxc3 Ne4 10.Bd3 Nxc3 11.bxc3 Qh5 12.g4 Qxg4 13.Bxh7+ Kh8 14.Be4 f5 15.Bxc6
bxc6 16.Ne5 Qh5 17.Qe2 Qxe2+ 18.Kxe2 Ba6+ 19.Kf3 Rf6 20.Kf4 Kh7 21.Rab1 Rh6
22.h4 Rg8 23.f3 Be2 24.Nxc6 Bd3 25.Rbc1 Bc4 26.a4 Bd5 27.Ne5 Rb8 28.c4 Ba8
29.Rb1 Rb6 30.a5 Ra6 31.Rb8 Bc6 32.Nf7 {#r} 1-0

[Event "Ch World (juniors) (under 20) (g)"]
[Site "masterchessopen.com Halle (Germany)"]
[Round "1"]
[White "Vijayalakshmi Subbaraman (IND)"]
[Black "Glaser Andrea (GER)"]
[Result "1-0"]
[WhiteElo "2155"]
[BlackElo "1973"]

1.d4 Nf6 2.c4 e6 3.Nc3 Bb4 4.Qc2 d5 5.cxd5 Bxc3+ 6.bxc3 exd5 7.Ba3 Ne4 8.e3
Nd7 9.Bd3 Ndf6 10.Ne2 Nd6 11.Ng3 O-O 12.O-O Re8 13.Rae1 Nde4 14.f3 Nxg3
15.hxg3 h6 16.e4 Be6 17.e5 Nh5 18.Qf2 f5 19.g4 Nf4 20.Bb1 Qd7 21.Bc1 Ng6
22.gxf5 Bxf5 23.e6 Bxe6 24.Bxg6 Rf8 25.Qg3 Rf6 26.Bf4 Bf7 27.Bd3 Bh5 28.Be5
Rf7 29.Qh4 {#r} 1-0

[Event "It (cat.17)"]
[Site "masterchessopen.com Horgen (Switzerland)"]
[Round "8"]
[White "Timman Jan H (NED)"]
[Black "Short Nigel D (ENG)"]
[Result "0-1"]
[WhiteElo "2590"]
[BlackElo "2645"]

1.d4 Nf6 2.c4 e6 3.Nc3 Bb4 4.Qc2 d5 5.cxd5 Qxd5 6.Nf3 Qf5 7.Qd1 c5 8.e3 cxd4
9.exd4 Ne4 10.Bd2 Nc6 11.a3 Bxc3 12.bxc3 Bd7 13.Qc2 Rc8 14.Bd3 Nxd4 15.Nxd4
Qxf2+ 16.Kd1 Nc5 17.a4 Qxg2 18.Re1 Qxh2 19.Be4 g6 20.Re2 Qg1+ 21.Re1 Qg3
22.Re3 Qd6 23.Nb5 Bxb5 24.axb5 O-O 25.Rxa7 Rfd8 26.Ra2 Qf4 27.Ke1 Qh4+ 28.Ke2
Qh2+ 29.Ke1 Rd7 30.Bc1 Qg1+ 31.Ke2 Rcd8 {#R} 0-1

[Event "It (cat.14) (active)"]
[Site "masterchessopen.com Isle of Lewis (Scotland)"]
[Round "4"]
[White "Agdestein Simen (NOR)"]
[Black "Motwani Paul (SCO)"]
[Result "0-1"]
[WhiteElo "2585"]
[BlackElo "2505"]

1.d4 Nf6 2.c4 e6 3.Nc3 Bb4 4.Qc2 d5 5.cxd5 Qxd5 6.a3 Bxc3+ 7.bxc3 c5 8.e3 O-O
9.Bb2 Nbd7 10.f3 Nb6 11.c4 Qc6 12.Rc1 Bd7 13.Bd3 Rac8 14.Nh3 Rc7 15.Kf2 Rfc8
16.Qb1 Qd6 17.Rhd1 Ba4 18.dxc5 Qxc5 19.Bxf6 gxf6 20.Bxh7+ Kg7 21.Rd4 f5 22.Ng5
Rd7 23.Qa1 e5 24.Bxf5 exd4 25.Bxd7 Bxd7 26.Ne4 Qe5 27.exd4 Qf4 28.d5+ f6
29.Qd4 Qe5 30.Qxe5 fxe5 31.Nd6 Rc7 32.Rb1 Kf8 33.h4 Ke7 34.Nxb7 Rxc4 35.d6+
Kf6 36.h5 Rc2+ 37.Kg3 Nd5 38.Nd8 Ne3 39.Rb7 Rxg2+ 40.Kh4 Rh2+ 41.Kg3 Nf1# 0-1

[Event "It"]
[Site "masterchessopen.com Lvov (Ukraine)"]
[Round "0"]
[White "Maksimenko Andrei (UKR)"]
[Black "Buturin Vladimir (UKR)"]
[Result "1-0"]
[WhiteElo "2550"]
[BlackElo "2430"]

1.d4 Nf6 2.c4 e6 3.Nc3 Bb4 4.Qc2 d5 5.cxd5 Qxd5 6.Nf3 Qf5 7.Qxf5 exf5 8.a3
Bxc3+ 9.bxc3 Nc6 10.Nd2 b6 11.e3 Bb7 12.Bd3 g6 13.Bb2 O-O-O 14.f3 Rhe8 15.Kf2
Nd7 16.Rad1 Na5 17.h3 h5 18.Rhe1 Bc6 19.Bc2 Bb5 20.a4 Ba6 21.Bc1 Kb7 22.e4
fxe4 23.fxe4 f6 24.Nf3 Bc4 25.e5 Bb3 26.Bxb3 Nxb3 27.e6 Nxc1 28.e7 Rc8 29.Rxc1
Nb8 30.Re6 Nc6 31.Rce1 g5 32.d5 Na5 33.Rxf6 g4 34.hxg4 hxg4 35.Nd4 Nc4 36.Nf5
Nd6 {#r} 1-0

[Event "Ch Netherlands (team) 1995/96"]
[Site "masterchessopen.com Netherlands"]
[Round "1"]
[White "Sokolov Ivan (NED)"]
[Black "Helgason Reynir (SWE)"]
[Result "1-0"]
[WhiteElo "2630"]
[BlackElo "2335"]

1.d4 Nf6 2.c4 e6 3.Nc3 Bb4 4.Qc2 d5 5.cxd5 Qxd5 6.Nf3 Qf5 7.Qxf5 exf5 8.a3 Bd6
9.Nb5 Be6 10.e3 Nbd7 11.Bd3 Ne4 12.O-O O-O 13.Nd2 Nxd2 14.Bxd2 Nb6 15.Rfc1
Rfc8 16.Ba5 Bd7 17.a4 g6 18.b3 Be6 19.Rab1 Nd5 20.Be2 b6 21.Nxd6 cxd6 22.Bd2
Rxc1+ 23.Rxc1 Rc8 24.Rxc8+ Bxc8 25.b4 Bd7 26.b5 Be6 27.f3 Nf6 28.Bb4 Ne8
29.Kf2 Bb3 30.a5 bxa5 31.Bxa5 d5 32.Bb4 Ba4 33.e4 fxe4 34.fxe4 Nc7 35.exd5
Nxd5 36.Bc5 Nc3 37.Bf3 Bxb5 38.d5 a5 39.Ke3 f5 40.d6 {#r} 1-0

[Event "It"]
[Site "masterchessopen.com Stockholm (Sweden)"]
[Round "1"]
[White "Chernin Alexander (HUN)"]
[Black "Bator Robert (SWE)"]
[Result "1-0"]
[WhiteElo "2600"]
[BlackElo "2425"]

1.d4 Nf6 2.c4 e6 3.Nc3 Bb4 4.Qc2 d5 5.cxd5 Qxd5 6.Nf3 Qf5 7.Qb3 Nc6 8.e3 O-O
9.Be2 Nd5 10.Bd2 Nxc3 11.Bxc3 a5 12.Bxb4 axb4 13.O-O Qd5 14.Bc4 Qd6 15.Bd3 Ra5
16.Nd2 Rh5 17.f4 Qe7 18.Rac1 Bd7 19.Ne4 b6 20.Rf2 Rc8 21.Ng5 Na5 22.Qd1 g6
23.Ba6 Rd8 24.Rxc7 Qd6 25.Qc1 Qd5 26.Be2 Rh6 27.Bf3 Qb5 28.b3 Kg7 29.Rfc2 Rh4
30.g3 h6 31.Ne4 Rh3 32.Nd6 Qa6 33.Bg4 b5 34.Ne4 Rh5 35.Bxh5 gxh5 36.Qb2 f6
37.Qc1 Qa8 38.Nc5 Qd5 39.Nxd7 {#r} 1-0

[Event "Ch Yugoslavia (team) (w)"]
[Site "masterchessopen.com Tivat (Yugoslavia)"]
[Round "7"]
[White "Prudnikova Svetlana (SRB)"]
[Black "Bojkovic Natasa (SRB)"]
[Result "1-0"]
[WhiteElo "2405"]
[BlackElo "2425"]

1.d4 Nf6 2.c4 e6 3.Nc3 Bb4 4.Qc2 d5 5.cxd5 Qxd5 6.Nf3 Qf5 7.Qd1 c5 8.a3 Bxc3+
9.bxc3 cxd4 10.cxd4 O-O 11.e3 Ne4 12.Bd3 Qa5+ 13.Nd2 Nxd2 14.Bxd2 Qd5 15.O-O
Nc6 16.Qc2 h6 17.Bh7+ Kh8 18.Be4 Qd6 19.Rab1 Rd8 20.a4 Rb8 21.Bxc6 bxc6 22.Ba5
Rxb1 23.Rxb1 Rd7 24.Bb4 Qb8 25.Bc5 Rb7 26.Rxb7 Qxb7 27.e4 Qa6 28.e5 Qa5 29.h3
Qe1+ 30.Kh2 a5 31.Kg3 Ba6 32.Bb6 h5 33.Bd8 Qe2 {#r} 1-0

[Event "It (open)"]
[Site "masterchessopen.com Aegina (Greece)"]
[Round "4"]
[White "Atalik Suat (BIH)"]
[Black "Frendzas Panayotis (GRE)"]
[Result "1-0"]
[WhiteElo "2525"]
[BlackElo "2405"]

1.d4 Nf6 2.c4 e6 3.Nc3 Bb4 4.Qc2 d5 5.cxd5 Qxd5 6.Nf3 Qf5 7.Qb3 c5 8.a3 Ba5
9.Qc4 Nbd7 10.b4 cxb4 11.axb4 Bd8 12.e3 Nb6 13.Qb3 O-O 14.Ne5 Ng4 15.Nd3 e5
16.h3 Nxf2 17.Nxf2 exd4 18.Nce4 Be6 19.Qb1 dxe3 20.Bxe3 Nc4 21.Bxc4 Bxc4
22.Nd2 Qd5 23.Qe4 Bf6 24.Ra5 {#r} 1-0

[Event "It (open)"]
[Site "masterchessopen.com Ano Liosia (Greece)"]
[Round "7"]
[White "Kalesis Nikolaos (GRE)"]
[Black "Gavrilakis Nikolaos (GRE)"]
[Result "1-0"]
[WhiteElo "2390"]
[BlackElo "2410"]

1.d4 Nf6 2.c4 e6 3.Nc3 Bb4 4.Qc2 d5 5.cxd5 Qxd5 6.Nf3 Qf5 7.Qd1 c5 8.e3 cxd4
9.Nxd4 Bxc3+ 10.bxc3 Qa5 11.Bd2 O-O 12.c4 Qd8 13.Bb4 Re8 14.Be2 e5 15.Nb5 Nc6
16.a3 a6 17.Nd6 Re6 18.c5 Re7 19.O-O b5 20.Bc3 Qc7 21.f4 Be6 22.Rc1 Nd5 23.f5
Nxc3 24.Rxc3 Bd7 25.f6 gxf6 26.Bd3 f5 27.Bxf5 Bxf5 28.Rxf5 e4 29.Qg4+ Kh8 {#r}
1-0

[Event "Cup Tan Chin"]
[Site "masterchessopen.com Beijing (China)"]
[Round "7"]
[White "Liang Jinrong (CHN)"]
[Black "Li Wenliang (CHN)"]
[Result "1-0"]
[WhiteElo "2425"]
[BlackElo "2425"]

1.d4 Nf6 2.c4 e6 3.Nc3 Bb4 4.Qc2 d5 5.cxd5 Qxd5 6.Nf3 Qf5 7.Qxf5 exf5 8.a3 Bd6
9.Nb5 Be6 10.e3 Nbd7 11.Bd2 Ke7 12.Bd3 Ne4 13.Ke2 a6 14.Nxd6 cxd6 15.Rhc1 Rhc8
16.Ba5 g6 17.Ng1 b5 18.f3 Nef6 19.Kd2 Rab8 20.Ne2 Bc4 21.Bc2 Bxe2 22.Kxe2 Rc6
23.Bd3 Rbc8 24.Kd2 Nd5 25.Rxc6 Rxc6 26.Re1 Kf8 27.b3 N7f6 28.g3 Ne7 29.e4 fxe4
30.fxe4 d5 31.e5 Nd7 32.Bb4 Ke8 33.Bf1 Nf5 34.Kd3 h5 35.Bg2 Nb6 36.Ba5 Ne7
37.Rf1 Nd7 38.Bb4 Nb6 39.h3 Re6 40.Rc1 Kd8 41.Bxe7+ Rxe7 42.Rc5 Rc7 43.Ke3 g5
44.h4 gxh4 45.gxh4 Rc8 46.Bf3 Kd7 47.Rxc8 Nxc8 48.Bxd5 {#r} 1-0

[Event "It (open)"]
[Site "masterchessopen.com Bled (Slovenia)"]
[Round "2"]
[White "Jelen Igor (SLO)"]
[Black "Beliavsky Alexander G (SLO)"]
[Result "0-1"]
[WhiteElo "2415"]
[BlackElo "2620"]

1.d4 Nf6 2.c4 e6 3.Nc3 Bb4 4.Qc2 d5 5.cxd5 Qxd5 6.Nf3 Qf5 7.Qd1 e5 8.g4 Bxc3+
9.bxc3 Nxg4 10.h3 Nxf2 11.Kxf2 e4 12.Ba3 Nc6 13.Rg1 exf3 14.exf3 Be6 15.Qb1
Qf4 16.Qxb7 Bd5 17.Rg3 Rb8 18.Qa6 Kd7 19.Qd3 Na5 20.Qe3 Qxe3+ 21.Kxe3 Rhe8+
22.Kd2 g6 23.f4 Re4 24.Bb4 Nc4+ 25.Bxc4 Bxc4 26.Re3 Rxf4 27.Re7+ Kc6 28.Rae1
Rf2+ 29.Ke3 Rxa2 30.Re5 Rb5 31.Kf4 Rf2+ 32.Kg3 Rf5 33.Rxf5 Rxf5 34.Ra1 a6 {#R}
0-1

[Event "It (open) \"]
[Site "masterchessopen.com Copenhagen (Denmark)"]
[Round "11"]
[White "Hansen Curt (DEN)"]
[Black "Maksimenko Andrei (UKR)"]
[Result "1-0"]
[WhiteElo "2595"]
[BlackElo "2545"]

1.c4 e6 2.Nc3 Nf6 3.d4 Bb4 4.Qc2 d5 5.cxd5 Qxd5 6.Nf3 Qf5 7.Qxf5 exf5 8.a3 Be7
9.Bf4 c6 10.e3 Nbd7 11.Bc4 Nb6 12.Ba2 Be6 13.Be5 h6 14.Ke2 O-O 15.Bxf6 Bxf6
16.Rhc1 Rfc8 17.Bxe6 fxe6 18.b4 a6 19.Rab1 Re8 20.Nd1 e5 21.dxe5 Bxe5 22.Nxe5
Rxe5 23.Nb2 Re7 24.Nd3 Nd5 25.g3 Rd8 26.Rb3 Kf7 27.Rc4 Rd6 28.Nc5 g6 29.h4 Nb6
30.Rc1 Nd5 31.Rc4 Nb6 32.Rc2 Nd5 33.Kf3 Nf6 34.Rd3 Rxd3 35.Nxd3 Nd5 36.Nc5 Kf6
37.Rc4 h5 38.e4 fxe4+ 39.Rxe4 Rc7 40.Re8 b6 41.Ne4+ Kg7 42.Ra8 c5 43.bxc5 bxc5
44.Rxa6 c4 45.Ng5 Kh6 46.Ra8 Rc6 47.Ra7 Nc7 48.Nf7+ Kg7 49.Nd8 {#r} 1-0

[Event "Ch Slovenia"]
[Site "masterchessopen.com Grize (Slovenia)"]
[Round "0"]
[White "Jelen Igor (SLO)"]
[Black "Kragelj Igor (SLO)"]
[Result "1-0"]
[WhiteElo "2415"]
[BlackElo "2225"]

1.d4 Nf6 2.c4 e6 3.Nc3 Bb4 4.Qc2 d5 5.cxd5 Qxd5 6.e3 c5 7.a3 cxd4 8.axb4 dxc3
9.bxc3 b5 10.Nf3 O-O 11.c4 bxc4 12.Bxc4 Qe4 13.Qxe4 Nxe4 14.Nd4 Bb7 15.f3 Nd6
16.Be2 Bd5 17.e4 Bb7 18.Kf2 e5 19.Nb3 Nc6 20.b5 Ne7 21.Rd1 Ndc8 22.Nc5 {#r}
1-0

[Event "It (open)"]
[Site "masterchessopen.com Groningen (Netherlands)"]
[Round "1"]
[White "Pajeken Wolfgang (GER)"]
[Black "Kupreichik Viktor D (BLR)"]
[Result "0-1"]
[WhiteElo "2260"]
[BlackElo "2510"]

1.d4 Nf6 2.c4 e6 3.Nc3 Bb4 4.Qc2 d5 5.cxd5 Qxd5 6.Nf3 c5 7.Bd2 Bxc3 8.bxc3 O-O
9.g3 Nc6 10.dxc5 e5 11.Bg2 e4 12.Nd4 Qxc5 13.Nxc6 Qxc6 14.O-O Bf5 15.Be3 Rac8
16.Rab1 b6 17.Rfc1 Rfd8 18.h3 Nd5 19.Bd4 Nf4 20.gxf4 Rxd4 21.Rd1 Rc4 22.Rbc1
h5 23.e3 Rxc3 24.Qxc3 Qxc3 25.Rxc3 Rxc3 26.Rd8+ Kh7 27.a4 Rc1+ 28.Kh2 Rc4
29.a5 g6 30.Ra8 Rc7 31.axb6 axb6 32.Rb8 Rc6 33.Kg3 Kg7 34.h4 Kf6 35.Re8 Rc4
36.Rb8 Rb4 37.Rb7 Be6 38.f3 Rb3 39.fxe4 Rxe3+ 40.Kf2 Rb3 41.Bf1 Kg7 42.Be2 Bc8
43.Rc7 Bg4 44.Bxg4 hxg4 45.f5 gxf5 46.exf5 Kf6 47.Kg2 Rh3 48.Rc6+ Kxf5 49.Rxb6
Rxh4 50.Rb5+ Kf4 {#R} 0-1